| 000 | 00629nam a2200169 i 4500 | ||
|---|---|---|---|
| 001 | 23096 | ||
| 003 | ES-MaACL | ||
| 005 | 20230906152821.0 | ||
| 007 | t| | ||
| 008 | 021209s1886 sp ||||1| spa d | ||
| 100 | 1 |
_aAlmudevar y Castillo, Valero. _920162 |
|
| 245 | 1 | 0 |
_aPáginas originales : _b(memorias de un maestro de escuela) : dedicadas al Excmo. Sr. D. Práxedes Mateo Sagasta... / _cpor Valero Almudevar. |
| 260 |
_aMadrid : _b[s.n.], _c1886 ( _fTip. de M.P. Montoya) |
||
| 300 |
_a152 p. ; _c17 cm. |
||
| 852 | 4 |
_aES-MaACL _jL-4900 |
|
| 852 | 4 |
_aES-MaACL _jT-947-F-5 _z- Donativo Ministerio de Fomento |
|
| 999 |
_c23096 _d23096 |
||